Phép nhiệm màu thế kỷ /
Sách giới thiệu những thành tựu, những phát minh khoa học của những nền công nghệ với các cuộc cách mạng khoa học kỹ thuật đã làm thay đổi cuộc sống con người.
Bewaard in:
| Hoofdauteur: | |
|---|---|
| Formaat: | Boek |
| Taal: | Vietnamese |
| Gepubliceerd in: |
Tp.HCM :
Thanh niên,
1999.
|
| Onderwerpen: | |
| Tags: |
Voeg label toe
Geen labels, Wees de eerste die dit record labelt!
|
| Thư viện lưu trữ: | Mạng thư viện Đại học Đà Nẵng |
|---|
| LEADER | 01046cam a2200337 i 4500 | ||
|---|---|---|---|
| 001 | 000046671 | ||
| 003 | 6173 | ||
| 005 | 20030917134015.0 | ||
| 008 | 010307b1999 vm 000 vie | ||
| 020 | |c 33000 | ||
| 040 | |a IRC |c IRC |d IRC | ||
| 041 | 0 | |a vie | |
| 082 | 1 | 4 | |a 001 |b HO-T |
| 100 | 1 | |a Hoàng Kim Thất. | |
| 245 | 0 | 0 | |a Phép nhiệm màu thế kỷ / |c Hoàng Kim Thất biên soạn. |
| 260 | |a Tp.HCM : |b Thanh niên, |c 1999. | ||
| 300 | |a 419tr. ; |c 19cm. | ||
| 520 | 3 | |a Sách giới thiệu những thành tựu, những phát minh khoa học của những nền công nghệ với các cuộc cách mạng khoa học kỹ thuật đã làm thay đổi cuộc sống con người. | |
| 630 | 0 | 4 | |a Kiến thức. |
| 630 | 0 | 4 | |a Tiến bộ khoa học. |
| 650 | 0 | 4 | |a Kiến thức khoa học. |
| OWN | |a DUT | ||
| 999 | |a From the UDN01 | ||
| TYP | |a Monograph | ||
| TYP | |a Printed language | ||
| 980 | |a Mạng thư viện Đại học Đà Nẵng | ||